000
00330nam a22001457a 4500
008
230321b ||||| |||| 00| 0 eng d
020
_a
9781319071431
041
_a
eng
080
_2
TENTH EDITION
_a
159.9
082
_a
159.9HAC
100
_a
25
101
_a
PSI
245
_a
THE BEDFORD HANDBOOK
_c
HACKER.D
942
_2
udc
_c
BK
999
_c
59414
_d
59414